Catálogo público

Identificación de Tetraniquidos (Familia : (Record no. 200245)

MARC details
000 -CABECERA
campo de control de longitud fija 01064nam a2200277Ia 4500
001 - NÚMERO DE CONTROL
campo de control Para_1511
003 - IDENTIFICADOR DEL NÚMERO DE CONTROL
campo de control CHAP
008 - DATOS DE LONGITUD FIJA--INFORMACIÓN GENERAL
campo de control de longitud fija 220125s2001 xx 000 0 und d
010 ## - NÚMERO DE CONTROL DE LA BIBLIOTECA DEL CONGRESO
Número de control de LC 200245
040 ## - FUENTE DE LA CATALOGACIÓN
Centro/agencia transcriptor CHAP
090 ## - LOCALMENTE ASIGNADO TIPO-LC NÚMERO DE CLASIFICACIÓN (OCLC); NÚMERO DE CLASIFICACIÓN LOCAL (RLIN)
Número de clasificación (OCLC) (R) ; Numero de clasificación, CALL (RLIN) (NR) PA TESIS 1530
100 ## - ENTRADA PRINCIPAL--NOMBRE DE PERSONA
Nombre de persona Gavilán Galeana, Natividad de María
9 (RLIN) 165120
245 ## - MENCIÓN DE TÍTULO
Título Identificación de Tetraniquidos (Familia :
Resto del título Tetranychidae) en Maíz (Zea mays L.) en el Valle de Tixtla, Gro. México /
Mención de responsabilidad, etc. por Natividad de María Gavilan Galeana
260 ## - PUBLICACIÓN, DISTRIBUCIÓN, ETC.
Lugar de publicación, distribución, etc. Chilpancingo, Gro. :
Nombre del editor, distribuidor, etc. el autor
300 ## - DESCRIPCIÓN FÍSICA
Extensión 48 h.
502 ## - NOTA DE TESIS
Nota de tesis Tesis (Químico Biólogo Parasitólogo). Universidad Autónoma de Guerrero. Facultad de Ciencias Químico-Biológicas
650 ## - PUNTO DE ACCESO ADICIONAL DE MATERIA--TÉRMINO DE MATERIA
Término de materia o nombre geográfico como elemento de entrada Maíz
Subdivisión general plagas Tetranychidae Tetranychus telarus Acaros
9 (RLIN) 165121
710 ## - PUNTO DE ACCESO ADICIONAL--NOMBRE DE ENTIDAD CORPORATIVA
Nombre de entidad corporativa o nombre de jurisdicción como elemento de entrada Universidad Autónoma de Guerrero. Facultad de Ciencias Químico Biológicas
9 (RLIN) 165122
901 ## - ELEMENTOS DE DATOS A LOCAL LDA (RLIN)
a PA TESIS 1530
902 ## - ELEMENTOS DE DATOS B LOCAL, LDB (RLIN)
a A
905 ## - ELEMENTOS DE DATOS E LOCAL, LDE (RLIN)
a 0000002001 a 0000000000 00
910 ## - DATOS DE OPCIÓN DEL USUARIO (OCLC)
Datos de opción del usuario 2001
942 ## - ELEMENTOS DE PUNTO DE ACCESO ADICIONAL (KOHA)
Tipo de ítem Koha Parasitologia_
942 ## - ELEMENTOS DE PUNTO DE ACCESO ADICIONAL (KOHA)
Tipo de ítem Koha Parasitologia_
-- 1
Holdings
Estado de retiro Estado de pérdida Fuente del sistema de clasificación o colocación Estado dañado No para préstamo Código de colección Localización permanente Ubicación/localización actual Ubicación en estantería Fecha de adquisición Información codificada de la localización en otra ubicación Total de préstamos Código de barras Fecha visto por última vez Número de copia Precio válido a partir de Tipo de ítem Koha Nota pública
    Clasificación Universidad Autónoma de Chapingo     Tesis Parasitologia Agricola Parasitologia Agricola   27/10/2005 PARA   PA_7684-2 25/01/2022 2 25/01/2022 Tesis 3
    Clasificación Universidad Autónoma de Chapingo     Tesis Parasitologia Agricola Parasitologia Agricola   27/10/2005 PARA   PA_7684 25/01/2022 1 25/01/2022 Tesis 3